Shirshiro ani her katha (Record no. 98478)
[ view plain ]
| 000 -LEADER | |
|---|---|
| fixed length control field | 00597nam a2200205Ia 4500 |
| 003 - CONTROL NUMBER IDENTIFIER | |
| control field | OSt |
| 005 - DATE AND TIME OF LATEST TRANSACTION | |
| control field | 20251209143606.0 |
| 008 - FIXED-LENGTH DATA ELEMENTS--GENERAL INFORMATION | |
| fixed length control field | 210210b1990 xxu||||| |||| 00| 0 eng d |
| 040 ## - CATALOGING SOURCE | |
| Transcribing agency | AL |
| 041 ## - LANGUAGE CODE | |
| Language code of text/sound track or separate title | Konkani |
| 082 ## - DEWEY DECIMAL CLASSIFICATION NUMBER | |
| Classification number | 891.46308 KORS |
| 100 ## - MAIN ENTRY--PERSONAL NAME | |
| Personal name | Kordelche Lekhak |
| 9 (RLIN) | 156004 |
| 110 ## - MAIN ENTRY--CORPORATE NAME | |
| Corporate name or jurisdiction name as entry element | ಕೊರ್ಡೆಲ್ ಚೆ ಲೇಖಕ್ |
| 9 (RLIN) | 248480 |
| 245 ## - TITLE STATEMENT | |
| Title | Shirshiro ani her katha |
| Remainder of title | : ಶಿರ್ಶಿರೊ ಆನಿ ಹೆರ್ ಕಥಾ |
| 260 ## - PUBLICATION, DISTRIBUTION, ETC. | |
| Place of publication, distribution, etc. | Manglur |
| Name of publisher, distributor, etc. | Umed Prakashan |
| Date of publication, distribution, etc. | 1990 |
| 300 ## - PHYSICAL DESCRIPTION | |
| Extent | 145p |
| 690 ## - LOCAL SUBJECT ADDED ENTRY--TOPICAL TERM (OCLC, RLIN) | |
| Topical term or geographic name as entry element | Konkani Fiction |
| 9 (RLIN) | 156005 |
| 906 ## - LOCAL DATA ELEMENT F, LDF (RLIN) | |
| a | 049930 |
| 942 ## - ADDED ENTRY ELEMENTS (KOHA) | |
| Source of classification or shelving scheme | Dewey Decimal Classification |
| Koha item type | Book |
| Withdrawn status | Lost status | Source of classification or shelving scheme | Damaged status | Not for loan | Collection code | Home library | Current library | Date acquired | Cost, normal purchase price | Total Checkouts | Full call number | Barcode | Date last seen | Price effective from | Koha item type |
|---|---|---|---|---|---|---|---|---|---|---|---|---|---|---|---|
| Dewey Decimal Classification | Konkani | St Aloysius Library | St Aloysius Library | 02/17/2021 | 10.00 | 891.46308 KORS | 049930 | 02/17/2021 | 02/17/2021 | Book | |||||
| Dewey Decimal Classification | Konkani | St Aloysius Library | St Aloysius Library | 02/17/2021 | 10.00 | 891.46308 KORS | 049929 | 02/17/2021 | 02/17/2021 | Book |